000 004140000a22001810004500
003 MACL
005 20150919172933.0
008 150919b xxu||||| |||| 00| 0 eng d
040 _aMACL
_cMACL
041 _aEnglish
082 _a825
100 _aSen, Dibakr
_912170
245 _aJ C Bose
_bSpeaks
260 _bPuthipatra
_c1986
_aCalcutta
350 _a75
650 _aSpeeches
_912172
942 _cBK
_k825
_2ddc
999 _c5971
_d5971